000 00493 a2200205 4500
001 29681
010 _a9728528272
005 20220405165404.0
021 _aPT
_bB-2281-99
090 _a29681
100 _a20090120d1999 ma 0pory5003 ba
101 _apor
_cspa
102 _aPT
105 _aa z f001 y
930 _lBECRE
675 _a159.9(031)
200 1 _aEnciclopédia da Psicologia
_gdirecção de Carlos Gispert
210 _aLisboa
_cLiarte
_d1999
215 _a4 v.
_d29 cm.
990 _cLIVROS